Welcome to CU Library Online Public Access Catalogue (OPAC)

Kozier & Erb's fundamentals of nursing : (Record no. 7829)

MARC details
000 -LEADER
fixed length control field 00745cam a22002534a 4500
001 - CONTROL NUMBER
control field 16498891
005 - DATE AND TIME OF LATEST TRANSACTION
control field 20251027192402.0
008 - FIXED-LENGTH DATA ELEMENTS--GENERAL INFORMATION
fixed length control field 101012s2012 maua b 001 0 eng
020 ## - INTERNATIONAL STANDARD BOOK NUMBER
International Standard Book Number 9780138024611
020 ## - INTERNATIONAL STANDARD BOOK NUMBER
International Standard Book Number 0138024618
050 00 - LIBRARY OF CONGRESS CALL NUMBER
Classification number RT41
Item number .F8813 2012
082 00 - DEWEY DECIMAL CLASSIFICATION NUMBER
Classification number 610.73
Edition information 22
245 00 - TITLE STATEMENT
Title Kozier & Erb's fundamentals of nursing :
Remainder of title concepts, process, and practice /
Statement of responsibility, etc. Audrey Berman ... [et al.].
250 ## - EDITION STATEMENT
Edition statement 9th ed.
260 ## - PUBLICATION, DISTRIBUTION, ETC.
Place of publication, distribution, etc. Boston :
Name of publisher, distributor, etc. Pearson,
Date of publication, distribution, etc. c2012.
300 ## - PHYSICAL DESCRIPTION
Extent xvi, 1616 p. :
Other physical details ill. (chiefly col.) ;
Dimensions 28 cm.
650 #0 - SUBJECT ADDED ENTRY--TOPICAL TERM
Topical term or geographic name entry element Nursing.
650 12 - SUBJECT ADDED ENTRY--TOPICAL TERM
Topical term or geographic name entry element Nursing Process.
650 22 - SUBJECT ADDED ENTRY--TOPICAL TERM
Topical term or geographic name entry element Nursing Care.
650 22 - SUBJECT ADDED ENTRY--TOPICAL TERM
Topical term or geographic name entry element Nursing Theory.
700 1# - ADDED ENTRY--PERSONAL NAME
Personal name Kozier, Barbara.
700 1# - ADDED ENTRY--PERSONAL NAME
Personal name Berman, Audrey.
942 ## - ADDED ENTRY ELEMENTS (KOHA)
Source of classification or shelving scheme Library of Congress Classification
Koha item type Books
Edition 9th ed.
Suppress in OPAC No
999 ## -
-- 7829
-- 7829
Holdings
Withdrawn status Lost status Source of classification or shelving scheme Damaged status Not for loan Collection Home library Current library Shelving location Date acquired Total checkouts Full call number Barcode Date last seen Copy number Price effective from Koha item type
    Library of Congress Classification     Non-fiction Science Library (Miotso) Science Library (Miotso) General stacks 10/27/2025   RT41 .F8813 FUN SLM00004612 10/27/2025 1 10/27/2025 Books
© 2023-2024 Copyright: Central University Libraries. All Rights Reserved | Created by: Mahone Tech Office